Điều khiển logic lập trình PLC

שמור ב:
מידע ביבליוגרפי
פורמט: ספר
שפה:Undetermined
יצא לאור: H. Thống Kê 2003
נושאים:
תגים: הוספת תג
אין תגיות, היה/י הראשונ/ה לתייג את הרשומה!
Thư viện lưu trữ: Trung tâm Học liệu Trường Đại học Cần Thơ
LEADER 00550nam a2200181Ia 4500
001 CTU_57983
008 210402s9999 xx 000 0 und d
020 |b 25000 
082 |a 629.89 
082 |b Đ309 
245 0 |a Điều khiển logic lập trình PLC 
245 0 |c Tăng Văn Mùi biên dịch 
260 |a H. 
260 |b Thống Kê 
260 |c 2003 
650 |a Electronic apparatus and appliances,Programmable controllers,Logic programming. 
904 |i Minh 
980 |a Trung tâm Học liệu Trường Đại học Cần Thơ